| 000 | 00822nam a2200289 a 4500 | ||
|---|---|---|---|
| 003 | AR-BaBNM | ||
| 005 | 20251128210431.0 | ||
| 008 | 082120s2002 ||||||||||||||000 | spa|| | ||
| 020 | _a84-7635-278-6 | ||
| 040 | _cAR-BaBNM | ||
| 100 | 1 | _aCarricaburo, Norma | |
| 245 | 0 | 0 | _aLas formas de tratamiento en el español actual |
| 260 |
_aMadrid _bArco Libros _c1997 |
||
| 300 | _a83 p. | ||
| 490 | 0 |
_aCuadernos de lengua española _vv. 48 |
|
| 500 | _aContiene referencias bibliográficas | ||
| 650 | 4 | _aGRAMATICA | |
| 650 | 4 | _aSEMANTICA | |
| 650 | 4 | _aDIALECTOS | |
| 650 | 4 | _aINVESTIGACION LINGUISTICA | |
| 650 | 4 | _aLINGÜISTICA DESCRIPTIVA | |
| 650 | 4 | _aLINGÜISTICA COMPARATIVA Y DIACRONICA | |
| 651 | 4 | _aAmérica Latina | |
| 800 | 1 |
_aGómez Torrego, Leonardo _edirector |
|
| 942 | _cBK | ||
| 998 | _cMARTIN | ||
| 999 |
_c15468 _d15468 |
||